000
00325nam a2200133Ia 4500
008
240624s9999 xx 000 0 und d
041
_a
eng
082
_a
650.1 ADA
100
_a
ADAMS SCOTT
245
_a
JOY OF WORK DILBERT S GUIDE TO FINDING H
260
_c
2000
_a
New York
_b
Macmillan
300
_a
vii, : 264
365
_c
RS
999
_c
2324
_d
2324